| 000 | 00748nam a22002177a 4500 | ||
|---|---|---|---|
| 999 |
_c17960 _d17960 |
||
| 003 | AR-CdUCM | ||
| 008 | 190510b ||||| |||| 00| 0 spa d | ||
| 040 |
_aMUNICIPALIDAD PROVINCIAL DEL CUSCO _cBIBLIOTECA MUNICIPAL DEL CUSCO |
||
| 082 |
_a610.69 / _bL87 |
||
| 100 |
_aLoudet, Osvaldo _938242 |
||
| 245 | _aVida y espíritu del médico / | ||
| 260 |
_aBuenos Aires : _bGuillermo Kraft limitada, _c1952. |
||
| 300 |
_a194 páginas -, _c22 cm. |
||
| 440 |
_aColeccion Vertice _938243 |
||
| 505 | _aContenido : Cirujano -- investigador -- Médico rural -- La locura... | ||
| 650 |
_aMedicina como ciencia _938244 |
||
| 650 |
_aDrama de la enfermedad _938245 |
||
| 650 |
_aCiencias de la naturaleza _938246 |
||
| 942 |
_2ddc _cLIBROS |
||
| 945 | _arcc | ||